Biology Concepts and connections
Đã lưu trong:
| Tác giả chính: | |
|---|---|
| Định dạng: | Sách |
| Ngôn ngữ: | Undetermined |
| Được phát hành: |
Menlo Park, California
Addison Wesley Longman
1999
|
| Những chủ đề: | |
| Các nhãn: |
Thêm thẻ
Không có thẻ, Là người đầu tiên thẻ bản ghi này!
|
| Thư viện lưu trữ: | Trung tâm Học liệu Trường Đại học Cần Thơ |
|---|
| LEADER | 00512nam a2200181Ia 4500 | ||
|---|---|---|---|
| 001 | CTU_48943 | ||
| 008 | 210402s9999 xx 000 0 und d | ||
| 082 | |a 570 | ||
| 082 | |b C189 | ||
| 100 | |a Neil A Campbell | ||
| 245 | 0 | |a Biology | |
| 245 | 0 | |b Concepts and connections | |
| 245 | 0 | |c Neil A Campbell, Jane B Reece, Lawrence G Mitchell | |
| 260 | |a Menlo Park, California | ||
| 260 | |b Addison Wesley Longman | ||
| 260 | |c 1999 | ||
| 650 | |a biology | ||
| 980 | |a Trung tâm Học liệu Trường Đại học Cần Thơ | ||